Motion and Vibration Control : Selected Papers from MOVIC 2008 /
Salvato in:
| Altri autori: | , |
|---|---|
| Natura: | Libro |
| Lingua: | inglese |
| Pubblicazione: |
Springer Science+Business Media B.V.,
2009
|
| Soggetti: | |
| Tags: |
Nessun Tag, puoi essere il primo ad aggiungerne!!
|
MARC
| LEADER | 00000nam a22000003a 4500 | ||
|---|---|---|---|
| 001 | stu207834 | ||
| 005 | 20190206105137.2 | ||
| 008 | 100721s2009------------------------eng-d | ||
| 020 | |a 978-1-4020-9437-8 | ||
| 040 | |a STU |b slo | ||
| 041 | 0 | |a eng | |
| 080 | |a 519.718 |7 stu_us_auth*stu9873 | ||
| 100 | 1 | |a Ulbrich, Heinz |4 edt | |
| 245 | 1 | |a Motion and Vibration Control : |b Selected Papers from MOVIC 2008 / |c Ed.: Ulbrich, H., Ginzinger, L. | |
| 260 | |b Springer Science+Business Media B.V., |c 2009 | ||
| 300 | |a 378 s | ||
| 650 | 7 | |a kontrola pohybu |2 stusub | |
| 650 | 7 | |a riadenie vibrácií |2 stusub | |
| 700 | 1 | |a Ginzinger, Lucas |4 edt | |
| 996 | |b 284EK88394 |c E*88394 |l EE23 |s P |a 0 |w stu207834_0001 | ||